<?xml version="1.0" encoding="UTF-8"?>
<record
    xmlns:xsi="http://www.w3.org/2001/XMLSchema-instance"
    xsi:schemaLocation="http://www.loc.gov/MARC21/slim http://www.loc.gov/standards/marcxml/schema/MARC21slim.xsd"
    xmlns="http://www.loc.gov/MARC21/slim">

  <leader>02581nam a22003257a 4500</leader>
  <controlfield tag="001">00510</controlfield>
  <controlfield tag="003">DO-SdBPM</controlfield>
  <controlfield tag="005">20260521093114.0</controlfield>
  <controlfield tag="007">ta</controlfield>
  <controlfield tag="008">160609b2000 mx ||| |||| 00| 0 spa d</controlfield>
  <datafield tag="020" ind1=" " ind2=" ">
    <subfield code="a">9789701026816</subfield>
  </datafield>
  <datafield tag="040" ind1=" " ind2=" ">
    <subfield code="a">DO-SdBPM</subfield>
    <subfield code="b">spa</subfield>
    <subfield code="c">BPMSU</subfield>
    <subfield code="e">rda</subfield>
  </datafield>
  <datafield tag="082" ind1=" " ind2="4">
    <subfield code="a">612.821  </subfield>
    <subfield code="b">V152t 2000</subfield>
    <subfield code="2">22</subfield>
  </datafield>
  <datafield tag="100" ind1="1" ind2=" ">
    <subfield code="a">Valencia Flores, Matilde</subfield>
    <subfield code="e">autora</subfield>
    <subfield code="4">aut. </subfield>
  </datafield>
  <datafield tag="245" ind1="1" ind2="0">
    <subfield code="a">Trastornos del dormir /</subfield>
    <subfield code="c">Matilde valencia flores, Radfael J. Sal&#xED;n Pascual, Jos&#xE9; rogelio P&#xE9;rez Padilla</subfield>
  </datafield>
  <datafield tag="264" ind1=" " ind2=" ">
    <subfield code="a">M&#xE9;xico :</subfield>
    <subfield code="b">McGraw-Hill,</subfield>
    <subfield code="c">2000.</subfield>
  </datafield>
  <datafield tag="300" ind1=" " ind2=" ">
    <subfield code="a">xiii, 389 p&#xE1;ginas ;</subfield>
    <subfield code="c">26 cm.</subfield>
    <subfield code="b"> </subfield>
  </datafield>
  <datafield tag="336" ind1=" " ind2=" ">
    <subfield code="a">texto</subfield>
    <subfield code="b">txt</subfield>
    <subfield code="2">rdacontent</subfield>
  </datafield>
  <datafield tag="337" ind1=" " ind2=" ">
    <subfield code="a">sin mediaci&#xF3;n </subfield>
    <subfield code="b">n</subfield>
    <subfield code="2">rdamedia </subfield>
  </datafield>
  <datafield tag="338" ind1=" " ind2=" ">
    <subfield code="a">volumen </subfield>
    <subfield code="b">nc</subfield>
    <subfield code="2">rdeacarrier </subfield>
  </datafield>
  <datafield tag="505" ind1="0" ind2=" ">
    <subfield code="a">Introducci&#xF3;n al estudio del sue&#xF1;o -- Neuroanatom&#xED;a y neurofisiolog&#xED;a del sue&#xF1;o -- Neuroqu&#xED;mica del sue&#xF1;o -- Regulaci&#xF3;n neurohumoral del sue&#xF1;o -- Clasificaci&#xF3;n de los trastornos del dormir -- T&#xE9;cnicas de diagn&#xF3;stico: polisomnograf&#xED;a, prueba de latencias m&#xFA;ltiples, actigraf&#xED;a e instrumento de informe subjetivo -- El sue&#xF1;o en pediatr&#xED;a. S&#xED;ndrome de muerte infantil s&#xFA;bita -- Insomnio -- Funcionamiento cortical cuando la cantidad de sue&#xF1;o no ha sido suficiente -- Trastornos del dormir en trastornos neurol&#xF3;gicos -- Sue&#xF1;o y epilepsia -- trastornos de los movimientos espec&#xED;ficos del sue&#xF1;o y manifestaciones nocturnas de las enfermedades que presentan alteraciones de los movimientos durante la vigilia -- Parasomnias -- Alteraciones del sue&#xF1;o debido a problemas psiqui&#xE1;tricos -- Tratamiento de las alteraciones del sue&#xF1;o -- Datos epidemiol&#xF3;gicos de los trastornos del sue&#xF1;o con &#xE9;nfasis en el apnea y el insomnio -- S&#xED;ndrome de apnea obstructiva durante el sue&#xF1;o: fisiopatolog&#xED;a y datos epidemiol&#xF3;gicos -- Alteraciones cardiovasculares relacionadas con alteraciones en la respiraci&#xF3;n durante el sue&#xF1;o -- Trastornos del dormir en el paciente con obesidad extrema -- respiraci&#xF3;n durante el sue&#xF1;o en enfermedades pulmonares cr&#xF3;nicas -- Ronquidos -- Tratamiento m&#xE9;dico del s&#xED;ndrome de apnea obstructiva durante el sue&#xF1;o -- S&#xED;ndrome de apnea obstructiva durante el sue&#xF1;o, evaluaci&#xF3;n otorrinolaringolog&#xED;ca -- Dispositivos bucales y tratamiento maxilofacial en el s&#xED;ndrome de apnea obstrutiva durante el sue&#xF1;o.</subfield>
  </datafield>
  <datafield tag="590" ind1=" " ind2=" ">
    <subfield code="a">Inventariado, 2026/VM</subfield>
  </datafield>
  <datafield tag="650" ind1=" " ind2="7">
    <subfield code="a">Insomnio</subfield>
  </datafield>
  <datafield tag="650" ind1=" " ind2="7">
    <subfield code="a">Mente y cuerpo.</subfield>
  </datafield>
  <datafield tag="650" ind1=" " ind2="7">
    <subfield code="a">Trastornos del sue&#xF1;o</subfield>
  </datafield>
  <datafield tag="700" ind1="1" ind2=" ">
    <subfield code="a">Sal&#xED;n Pascual, Rafael J.</subfield>
    <subfield code="4">autor </subfield>
  </datafield>
  <datafield tag="700" ind1="1" ind2=" ">
    <subfield code="a">P&#xE9;rez Padilla, Jos&#xE9; Rogelio</subfield>
    <subfield code="e">autor </subfield>
  </datafield>
  <datafield tag="910" ind1=" " ind2=" ">
    <subfield code="a">VMateo V. Control de calidad. BPMSU </subfield>
  </datafield>
  <datafield tag="942" ind1=" " ind2=" ">
    <subfield code="2">ddc</subfield>
    <subfield code="c">BK</subfield>
  </datafield>
  <datafield tag="952" ind1=" " ind2=" ">
    <subfield code="0">0</subfield>
    <subfield code="1">0</subfield>
    <subfield code="2">ddc</subfield>
    <subfield code="7">0</subfield>
    <subfield code="8">CG</subfield>
    <subfield code="a">BPMET</subfield>
    <subfield code="b">BPMET</subfield>
    <subfield code="d">2016-06-09</subfield>
    <subfield code="e">FUNDI</subfield>
    <subfield code="l">0</subfield>
    <subfield code="o">BPMSU CG 612.821 V152t 2000</subfield>
    <subfield code="p">BPMSU16060120</subfield>
    <subfield code="r">2016-06-09</subfield>
    <subfield code="w">2016-06-09</subfield>
    <subfield code="y">BK</subfield>
  </datafield>
  <datafield tag="999" ind1=" " ind2=" ">
    <subfield code="c">10327</subfield>
    <subfield code="d">10327</subfield>
  </datafield>
</record>
